00829nam a22002537a 45000010005000000030006000050050017000110080041000280200018000690400029000870500014001160820010001301000019001402450056001592600038002153000065002534900015003185050008003335200135003415210021004765210020004976500028005176500030005458449FISKH20250912112029.0250912b cb ||||| |||| 00| 0 eng d a9780439078085 aFISKHbengcFISKHdFISKH aQP88 .S52 a612.7 aSimon, Seymour aBones : bOur skeleton system / cBy Seymour Simon  aNew York : bScholastic , c1998. a26 unnumbered pages : bcolor illustrations ; c23 x 23 cm.  aHuman Body aZ  aDescribes the skeletal system and outlines the many important roles that bones play in the healthy functioning of the human body. 8 a1020 bLexile 8 aZ bRaz-Plus  aHuman bodyvNon-fiction aLife sciencevNon-fiction